Security mechanism in network protocols / (Record no. 16872)

MARC details
000 -LEADER
fixed length control field 00890nam a2200241 a 4500
005 - DATE AND TIME OF LATEST TRANSACTION
control field 20070119085348.0
008 - FIXED-LENGTH DATA ELEMENTS--GENERAL INFORMATION
fixed length control field 060831s2006 ii b 000 0 eng
010 ## - LCCN (DPL NO)
LC control number ENG-91370
020 ## - INTERNATIONAL STANDARD BOOK NUMBER
Terms of availability 50.00
International Standard Book Number 9788177355154
035 ## - SYSTEM CONTROL NUMBER
System control number EN-74903
037 ## - SOURCE OF ACQUISITION
Source of stock number/acquisition DBAD / PUB
040 ## - CATALOGING SOURCE
Original cataloging agency dpl
Language of cataloging English
082 ## - DEWEY DECIMAL CLASSIFICATION NUMBER
Classification number 005.8
100 ## - MAIN ENTRY--PERSONAL NAME
Personal name Senthil, S. Azhagu
245 ## - TITLE STATEMENT
Title Security mechanism in network protocols /
Statement of responsibility, etc by S. Azhagu Senthil
260 ## - PUBLICATION, DISTRIBUTION, ETC. (IMPRINT)
Place of publication, distribution, etc Chennai
Name of publisher, distributor, etc Pavai Publications
Date of publication, distribution, etc 2008
300 ## - PHYSICAL DESCRIPTION
Extent vii, 93p.
Dimensions 22cm (pbk)
500 ## - GENERAL NOTE
General note Includes index
520 ## - SUMMARY, ETC.
Summary, etc History of Kashmiri Pandits and Kashmir, India.
650 ## - SUBJECT ADDED ENTRY--TOPICAL TERM
Topical term or geographic name as entry element Computer networks
General subdivision Security measures
942 ## - ADDED ENTRY ELEMENTS (KOHA)
Source of classification or shelving scheme Dewey Decimal Classification
Item type English Books
Call number suffix SEN
Classification part 005.8
Holdings
Withdrawn status Lost status Source of classification or shelving scheme Damaged status Not for loan Collection code Home library Current library Date acquired Source of acquisition Cost, normal purchase price Total Checkouts Full call number Barcode Date last seen Copy number Cost, replacement price Koha item type
    Dewey Decimal Classification   Not For Loan Non-fiction D.B.Act.Division D.B.Act.Division 17/10/2008 DBAD / PUB 50.00   005.8 SEN EN-74903 17/10/2008 1 50.00 English Books

© Delhi Public Library
Hit Counter
free hit counter